| 000 | 00534nam a2200169 u 4500 | ||
|---|---|---|---|
| 001 | 000002527 | ||
| 005 | 20241202094152.0 | ||
| 008 | 090702s1993 dr ac r 001 0 spa d | ||
| 040 |
_aDO-SdBNP _bspa _cBNPHU |
||
| 082 |
_a332.12 _bM533 |
||
| 110 | 1 |
_aRepública Dominicana. _bBanco Hipotecario Dominicano _97936 |
|
| 245 | 1 | 0 | _aMemoria anual 1993 empresas BHD. |
| 260 |
_aSanto Domingo : _bBanco Hipotecario Dominicano, _c1993. |
||
| 300 |
_a72 p. : _bretr. ; _c28 cm. |
||
| 500 | _aIncluye índice. | ||
| 650 | 0 |
_aEconomía dominicana _97937 |
|
| 999 |
_c2363 _d2363 |
||